Historia de Mayta

Na minha lista:
Detalhes bibliográficos
Autor principal: Vargas Llosa, Mario
Formato: Livro
Idioma:Undetermined
Publicado em: Barcelona, España Seix Barral 1984
Assuntos:
Tags: Adicionar Tag
Sem tags, seja o primeiro a adicionar uma tag!

MARC

LEADER 00000nam a2200000Ia 4500
008 170316s9999 xx 000 0 und d
040 |a cru BVZT 
090 |a 860 V-7hi 
100 |a Vargas Llosa, Mario 
245 |a Historia de Mayta 
260 |a Barcelona, España 
260 |b Seix Barral 
260 |c 1984 
300 |a 349 páginas 
650 |a LITERATURA LATINOAMERICANA 
650 |a NOVELA 
650 |a ALEJANDRO MAYTA 
999 |c 9325  |d 9325 
942 |c 15 D  |h 860 V-7hi  |2 z